|
|
|
|
| LEADER |
01717nam a2200433 a 4500 |
| 001 |
mzk03001224952 |
| 003 |
CZ BrMZK |
| 005 |
20151204133857.0 |
| 007 |
ta |
| 008 |
151204s1891 xr fr|||||00| ||cze|d |
| 040 |
|
|
|a BOA001
|b cze
|
| 072 |
|
7 |
|a 930.85
|x Dějiny civilizace. Kulturní dějiny
|2 Konspekt
|9 8
|
| 072 |
|
7 |
|a 094.5
|x Tisky (19. století)
|2 Konspekt
|9 12
|
| 080 |
|
|
|a 930.85
|2 MRF
|
| 080 |
|
|
|a 025.171
|2 MRF
|
| 080 |
|
|
|a (048.8)
|2 MRF
|
| 100 |
1 |
|
|a Zíbrt, Čeněk,
|d 1864-1932
|7 jk01152578
|4 aut
|
| 245 |
1 |
0 |
|a Kulturní historie. Její vznik, rozvoj a posavadní literaturu cizí i českou stručně popisuje Dr. Čeněk Zíbrt
|
| 246 |
3 |
|
|a Dr. Čeněk Zíbrt: Kulturní historie. Její vznik, rozvoj a posavadní literatura cizí i česká
|
| 260 |
|
|
|a V Praze :
|b Nakladatelství Jos. R. Vilímek knihtiskárna,
|c 1891
|
| 300 |
|
|
|a [6], 122, [6] s. ;
|c 4°
|
| 500 |
|
|
|a Výzdoba: Předtitul, titulní strana tištěna červeně a černě, nad impresem signet, vlysy, viněty
|
| 500 |
|
|
|a Cena 1 zl. 20 kr.
|
| 500 |
|
|
|a Titulní strana tištěna majuskulou
|
| 500 |
|
|
|a Složky jsou nerozřezané
|
| 563 |
|
|
|a Papírová obálka
|
| 650 |
|
7 |
|a kulturní dějiny
|7 ph122020
|2 czenas
|
| 650 |
|
7 |
|a historické knihovní fondy
|7 ph172933
|2 czenas
|
| 655 |
|
4 |
|a tisky 19. století
|
| 655 |
|
7 |
|a studie
|7 fd133597
|2 czenas
|
| 856 |
4 |
1 |
|u https://imageserver.mzk.cz/mzk03/001/224/952/328100223964.titul.jp2
|y Titulní list
|
| 910 |
|
|
|e BOE950
|c R - P. III. a. 25
|
| 978 |
|
|
|b Vilímek, Josef Richard
|a Praha
|c 1892
|
| 984 |
|
|
|a Praha
|b Česko
|
| 985 |
|
|
|a 1851-1900
|
| 990 |
|
|
|a BK
|
| 996 |
|
|
|e BOE950
|c R - P. III. a. 25
|
| 991 |
|
|
|k rajhrad
|
| 980 |
|
|
|c 223964
|g R - P. III. a. 25
|1 328100223964
|